[Event "EU-chT (Men) 20th"]
[Site "Reykjavik"]
[Date "2015.11.13"]
[Round "1.4"]
[White "Forster, Richard"]
[Black "Wagner, Dennis"]
[Result "1/2-1/2"]
[WhiteElo "2459"]
[BlackElo "2575"]
[Annotator "Sagar Shah"]
[PlyCount "91"]
[EventDate "2015.11.13"]
[EventType "team-swiss"]
[EventRounds "9"]
[EventCountry "ISL"]
[SourceTitle "CBM 170"]
[Source "ChessBase"]
[SourceDate "2016.01.15"]
[SourceVersion "1"]
[SourceVersionDate "2016.01.15"]
[SourceQuality "1"]
[WhiteTeam "Switzerland"]
[BlackTeam "Germany"]
[WhiteTeamCountry "SUI"]
[BlackTeamCountry "GER"]

1. b3 {When facing a young and ambitious opponent who studies openings in
great depth, Forster thought it would be a good idea to start with 1.b3.} e5 2.
Bb2 Nc6 3. e3 Nf6 4. Bb5 Bd6 $5 {A very interesting move by Wagner. The bishop
on d6 is not so well placed currently as it blocks the d7-pawn and the bishop
on c8 is unable to come out. But after a6, if White takes on c6, dxc6 solves
the problem and if the bishop retreats then there is no longer pressure on e5
and the bishop could move from d6, freeing the d7-pawn and ultimately the
c8-bishop.} 5. Ne2 (5. Na3 {is the main line and after} Na5 {with the idea of
controlling the c4-square and also playing ...a6 without allowing Bxc6. Black
has pretty decent results in this line.}) 5... a6 6. Bxc6 dxc6 7. d3 Qe7 8. e4
Be6 (8... O-O {would be the normal way to play but Wagner was in a combative
mood and wanted to 0-0-0.}) 9. O-O O-O-O $5 {While the move 0-0-0 is not bad
in itself, black pawns on a6 and c6 give White hooks to push his queenside
pawns and open lines in that sector. However, on the kingside the pawns are on
h2, g2, f2 and it would be much more difficult for Black to blast open the
position.} 10. Nd2 h5 $1 {The right move.} 11. b4 $5 {The race has begun. The
b4-pawn cannot be taken as the e5-pawn will be left hanging.} h4 12. a4 Nh5 $6
(12... h3 $1 {was the faster way to reach the gates of White's castled
position.} 13. g3 Bxb4 14. Bxe5 Bg4 {White cannot retreat with his bishop here
as he loses a pawn.} 15. Bxf6 (15. Bb2 Bxe2 $1 16. Qxe2 Bxd2 17. Qxd2 Qxe4 $1
18. f3 (18. dxe4 Rxd2 $19) 18... Qd5 $17) 15... Qxf6 16. f3 Be6 $15 {The
position remains complex but Black surely has the better chances here.}) 13. b5
$1 {Good or bad, lines have to be opened! But such moves are more often that
not good!} cxb5 14. axb5 axb5 {Black has won a pawn but White is the first one
to open lines against the black king. Practically speaking it is easier to
play as White here.} 15. Ra5 c6 {Black has won a pawn and is objectively
better. But in a practical game White has good chances as there are open lines
leading to the black king.} 16. Qa1 {Attacking the e5-pawn and also doubling
on the a-file.} f6 {Wagner maintains his cool. Although at this point he had
some very interesting options like a bishop sacrifice.} (16... Bh3 $5 17. Nf3 (
17. gxh3 Qg5+ 18. Kh1 Qxd2 $17) 17... Bg4 18. Bxe5 Bxf3 19. Bxd6 Qxd6 20. gxf3
$13) (16... h3 $5 17. g3 Qg5 $1 {Black has the initiative here. The very
natural} 18. Nf3 $2 {loses to} Qg4 $1 $19) 17. d4 Bb4 18. Ba3 $1 Kc7 19. d5 $1
{Richard mixes up things in the position. Apart from the weird pin on the
b4-bishop, now the d5-pawn has moved ahead to sacrifice itself in order to
open lines.} Bg4 (19... cxd5 20. Bxb4 Qxb4 21. Nc3 $16 {and Black's king
position is falling apart.}) 20. Nc3 (20. dxc6 Bxe2 $19 {White has no real
compensation here.}) (20. Nc1 $1 {was a better square as the knight on d3 is
much better placed.}) 20... Bxa3 (20... Nf4 $5 {is clearly better for Black
but it is difficult to understand why. Black now threatens moves like ...Qc5
with a threat of taking on c3 and then a fork on e2 could be a real
possibility. In general the kinght is really well placed on f4.} 21. Rb1 Bxa3
22. Rxa3 Qc5 $15) 21. Rxa3 (21. Qxa3 Qxa3 22. Rxa3 b4 $19) 21... Bd7 $2 (21...
b4 $2 {Now this doesn't work due to} 22. Ra7 $1 bxc3 23. Rxb7+ $1 Kxb7 24. Rb1+
Kc7 25. Qa7+ Kd6 26. Nc4#) (21... Nf4 {was required as after} 22. Ra7 Qc5 23.
Qa5+ Qb6 24. Qa2 {The threat now is Nc4 with the idea that bxc4 is met with
Rb1 and the b7 falls.} Qc5 $11 {the game ends in a draw.}) 22. Ra7 $1 Rb8 (
22... Qc5 23. Qa5+ Qb6 {no longer works due to} 24. d6+ $1 {and now you see
why retreating the bishop to d7 was not such a great idea!}) 23. Qa5+ Kc8 24.
dxc6 (24. Na4 $1 {was the finishing stroke.} bxa4 25. Nc4 $1 Bg4 26. d6 Qf7 27.
Nb6+ Kd8 28. Ra8 $18) 24... Bxc6 25. Nxb5 Qd8 $1 {Good defence.} 26. Qc3 Nf4
27. Re1 {Nc4 is a huge threat now so the king evacuates from the c8-square.}
Kd7 28. Qb3 Qb6 $2 (28... Ke7 {was better but it's not so easy to keep your
cool in such wild positions. Black's intention is to take on b5 followed by
Qd7.} 29. Nc4 Bxb5 30. Qxb5 Qd7 31. Qb4+ Kf7 32. Ne3 $36 {Black can defend
this but White can enjoy himself creating threats while Black has to be
extremely accurate.}) 29. Qf7+ $1 Kd8 (29... Kc8 30. Nc4 $18) 30. Qxg7 (30. Nc4
Qxb5 31. Rd1+ Bd5 32. Ra5 $1 {Not an easy move to see but once you spot it you
realise that it's just a clean finisher.} Qxc4 33. Raxd5+ Nxd5 34. Rxd5+ Qxd5
35. exd5 $18 {A perfect example of complete discord in the black camp.}) 30...
Re8 31. Qxf6+ (31. Nc4 Qxb5 32. Rd1+ Bd5 33. Qxf6+ Kc7 34. Qd6+ Kc8 35. Nb6+
$18) 31... Kd7 {It's almost a miracle that Black survived this far. He is
unconditionally lost.} 32. Nc4 $1 Qxb5 33. Rd1+ $1 Kc7 (33... Nd5 34. exd5 $18)
34. Qf7+ $1 Bd7 35. Nd6 (35. Ra5 {was faster as after} Qc6 36. Rc5 $18 {
The queen cannot really defend the d7-bishop.}) 35... Nh3+ 36. Kh1 (36. gxh3
Rg8+ 37. Kh1 Qe2 38. Raa1 {looks a little scary but White defends himself} Rbf8
39. Ne8+ $1 Kb8 40. Rxd7 $1 Qxe4+ 41. f3 Rxf7 42. Rd8#) 36... Qe2 37. Nxe8+ Kb6
38. Qb3+ (38. Rd6+ Kxa7 (38... Bc6 39. Rxc6+ Kxa7 40. Qa2+ $18) 39. Qa2+ $18)
38... Bb5 39. Raa1 $2 (39. Rxb7+ Rxb7 40. Qe6+ Bc6 (40... Ka7 41. Ra1+ Ba6 42.
Qxh3 $18 {was still winning}) 41. Rb1+ Ka7 42. Ra1+ Kb6 43. Qb3+ (43. Qxh3 Bxe8
44. Qxh4 $16) 43... Bb5 44. gxh3 $18 {As you can see after missing multiple
wins, the path to victory keeps getting tougher for White.}) 39... Nxf2+ 40.
Kg1 Nxd1 {Now White will do well to take a perpetual check.} 41. Qe6+ Bc6 42.
Rb1+ Ka7 43. Ra1+ (43. Qa2+ Qa6 $19) 43... Kb6 44. Rb1+ Ka7 45. Ra1+ Kb6 46.
Rb1+ {A very interesting game. Forster had so many winning chances and it was
truly a miracle that Wagner escaped with the half point.} 1/2-1/2

[Event "Tata Steel-A 76th"]
[Site "Wijk aan Zee"]
[Date "2014.01.11"]
[Round "1"]
[White "Rapport, Richard"]
[Black "So, Wesley"]
[Result "0-1"]
[WhiteElo "2691"]
[BlackElo "2719"]
[Annotator "So,Wesley"]
[PlyCount "112"]
[EventDate "2014.01.11"]
[EventType "tourn"]
[EventRounds "11"]
[EventCountry "NED"]
[EventCategory "20"]
[SourceTitle "CBM 159"]
[Source "ChessBase"]
[SourceDate "2014.03.17"]
[SourceVersion "1"]
[SourceVersionDate "2014.03.17"]
[SourceQuality "1"]

1. b3 {Surprise, surprise! Although Richard has quite a lot of games with 1.b3
in the past (mostly blitz games) this was unexpected. However I was happy to
avoid any theory and to just play chess for the first round.} e5 2. Bb2 Nc6 3.
e3 Nf6 4. Bb5 Bd6 5. Na3 a6 ({If I were to face this position again, I would
probably diverge with} 5... Na5 6. Be2 Be7 {Black seems to achieve a decent
position here. For example:} 7. Nf3 (7. c4 O-O 8. Nc2 e4) (7. Nb1 Nc6) 7... e4
8. Ne5 O-O 9. O-O Re8 10. Ng4 (10. f4 d6 11. Ng4 Bxg4 12. Bxg4 d5) 10... d5 11.
Nxf6+ Bxf6 12. Bxf6 Qxf6 13. Nb5 Qe7 14. f3 Bf5 15. Qe1 a6 16. Nc3 Rad8 $11) 6.
Bxc6 dxc6 7. Nc4 Qe7 8. Ne2 (8. Nf3 e4 9. Nxd6+ (9. Nfe5 O-O 10. O-O Ne8 11. d3
(11. Qe2 Be6) 11... f6 12. Nxd6 Nxd6 13. Nc4 Nxc4 14. dxc4 Be6 $11 {is
completely equal.}) 9... cxd6 10. Ng1 Bg4 11. Ne2 O-O 12. O-O Nd7 13. d3 f5 14.
h3 Bxe2 15. Qxe2 Ne5 $11) 8... b5 9. Nxd6+ cxd6 10. a4 b4 11. O-O O-O 12. Ng3 (
{I think Richard could have posed more problems by} 12. f4 Rd8 ({My intention
was} 12... Bg4 13. h3 Bxe2 14. Qxe2 Qe6 15. Rf3 a5 16. Raf1 $14 {but Black is
slightly worse here.}) (12... Nd5 13. e4 Nc7 14. Ng3) 13. Ng3 Nd5 14. Qf3 f6
15. Rae1 (15. f5 a5 16. e4 Nb6 17. Qg4 c5) 15... a5 16. fxe5 dxe5 17. d4 exd4
18. Bxd4 $14 {and Black is worse. Improvements could have been found earlier,
but overall 12.f4 seems more precise.}) 12... Nd5 13. f4 f6 {I like the idea
of putting my pawns on the dark squares to limit the scope of his bishop on b2.
This concept will remain the same for most of the game.} 14. a5 (14. f5 c5 (
14... Bd7 15. e4 Nc7 16. d4 Be8) 15. Qg4 (15. Nh5 Qf7) 15... Qf7) 14... c5 15.
fxe5 fxe5 ({Here I was kind of confused which pawn to recapture with. I
decided to initiate exchanges on the f-file, but in fact it would have been
better to recapture with the d-pawn!} 15... dxe5 $1 16. Qe2 (16. Nf5 Qc7) 16...
Be6 17. d3 Rad8 18. Kh1 Qc7 {although it is not easy to break through, I would
prefer to play Black here. White has no easy way to create some play while the
a5-pawn is slightly loose.}) 16. Rxf8+ Qxf8 17. Qe2 Qe7 18. Qd3 (18. Rf1 Nf6
19. d4 exd4 20. exd4 Qxe2 21. Nxe2 c4 22. bxc4 Bd7 {is completely equal
according to the computer, but I am not sure if I would have seen this during
the game!}) 18... Bb7 19. Rf1 Qd7 ({My best chance to gain equality was} 19...
g6 $1 {to control the f5-square. There is no way for White to exploit the
slight weaknesses created around Black's king, for example:} 20. Ne4 Rd8 21. c4
bxc3 22. dxc3 Kg7 23. h3 Nc7 {and although it looks quite suspicious, Black is
fine here.}) 20. Qc4 Kh8 21. Qh4 Qe6 22. Qe4 ({Richard could have posed me
with insurmountable problems (considering I was getting low on time, and the
jet lag) had he played more accurately:} 22. Nf5 $1 Rf8 23. e4 Nf6 24. d3 Rf7
25. Rf3 $14 {this position is very tough to defend as there is no way to
challenge White's powerful knight on f5.}) 22... Bc6 (22... Qe7) 23. Qf5 Qe7
24. Ne4 {White's knight doesn't belong on e4 (it should be on f5) and this
gave me a chance to regroup my pieces.} Rd8 25. h4 Kg8 26. h5 Bd7 (26... h6 27.
Qg6 Be8 28. Qg4 Bd7 $11) 27. Qf3 Bb5 28. d3 h6 29. Ng3 Qe6 30. Nf5 Ne7 31. Nh4
{Objectively the position should be equal. I don't think White has anything
here. Richard obviously wanted more, and he wasn't afraid to take risks, but
he overpushed somewhere in the game.} (31. g4 Nxf5 32. gxf5 Qf6 {also does not
lead anywhere.}) 31... Bd7 32. e4 Re8 (32... Kh7 $1 33. Nf5 (33. Qf7 Nc6 $15)
33... Qf6 34. Nxe7 Qxe7 35. Bc1 Be6 {is slightly more comfortable for Black.
The pawns on a5 and h5 are overextended and might turn out to be weaknesses,
but the game should still end in a draw.}) 33. Bc1 Kh7 34. Nf5 Nxf5 35. exf5
Qf6 36. Qb7 (36. Qg4 Rf8 37. Qg6+ Kg8 $11) 36... Bb5 37. Qe4 d5 $1 {The queen
intrusion on b7 did not lead anywhere for White, and I noticed this move, to
try and confuse my opponent.} 38. Qxd5 e4 39. Bf4 {We were both in time
pressure here.} (39. Qxc5 exd3 40. cxd3 Bxd3 41. Rd1 Qxf5 42. Qxf5+ Bxf5 43.
Kf2 $11 {this is just a draw.}) 39... exd3 40. cxd3 Re2 41. Qf3 Qd4+ ({A
slightly stronger try is} 41... Rb2 42. Qg4 (42. Qg3 Rxb3 43. Be5 Rxd3 44. Qg6+
Qxg6 45. fxg6+ Kg8 46. Rf7 Rd7 $17 {is just winning for Black.}) 42... Rxb3 43.
Re1 (43. Be5 Qg5 44. Qxg5 hxg5) 43... Bd7 44. Be5 Qg5 45. Qxg5 hxg5 46. Bxg7 $1
Bxf5 47. Bf6 Rxd3 48. Re5 Bd7 $15 {the game should still end in a draw, but I
think I have more chances here.}) 42. Kh2 Qxd3 43. Qg4 $2 {The decisive
mistake.} ({A draw results from} 43. f6 Qxf3 44. Rxf3 gxf6 45. Bd6 Bc6 46. Rg3
$11) 43... Rxg2+ 44. Qxg2 Qxf1 45. Qg6+ {Desperation, but exchanging queens
also leads to a losing endgame.} (45. Qxf1 Bxf1 46. Kg3 c4 47. bxc4 Bxc4 48.
Bd6 b3 49. Be5 Be2 50. Kh4 Kg8 51. Bb2 Kf7 52. Ba1 Kf8 53. Bb2 Bb5 54. Kg4 Be8
55. Ba3+ Kf7 56. Bb2 Ke7 57. Bxg7 Kd6 58. Bb2 Kd5 $19 {the bishop on e8 is
very well placed and White cannot activate his king because it has to defend
the h5-pawn.}) 45... Kh8 46. Bxh6 Qf2+ 47. Kh1 Qe1+ 48. Kh2 (48. Kg2 Bf1+ 49.
Kh2 Qf2+ 50. Kh1 Qg2+ 51. Qxg2 Bxg2+ 52. Kxg2 gxh6 53. Kf3 c4 54. Ke3 c3 $19)
48... Qe5+ 49. Kh1 gxh6 50. Qxh6+ Kg8 51. Qg6+ Qg7 52. Qe6+ Qf7 53. Qc8+ Qf8
54. Qe6+ Qf7 55. Qc8+ Qe8 56. Qxc5 Qc6+ {It is always nice and important to
start a tournament with a win (specially with the Black pieces). This game
helped me to be ready mentally for the tough games in Tata Steel.} 0-1